[Event "4NCL 3 South pool A"]
[Site "Telford, ENG ENG"]
[Date "2015.11.14"]
[Round "1.55"]
[White "Hewitt, William"]
[Black "Rudd, Jack"]
[Result "0-1"]
[WhiteElo "2054"]
[BlackElo "2254"]
[PlyCount "54"]
[EventDate "2015.11.14"]

1. e4 e5 2. Nf3 Nc6 3. Bb5 Nf6 4. O-O Nxe4 5. d4 Nd6 6. Bxc6 dxc6 7. dxe5 Nf5
8. Qxd8+ Kxd8 9. Nc3 Be7 10. Ne4 Be6 11. Bg5 h6 12. Rfd1+ Kc8 13. Bxe7 Nxe7 14.
h3 Bf5 15. Re1 Rd8 16. c3 b6 17. Nd4 Bh7 18. f4 c5 19. Nf3 Kb7 20. Nf2 a5 21.
Kf1 a4 22. a3 Nc6 23. g4 f5 24. g5 Bg8 25. h4 Na5 26. Nd1 Nb3 27. Rb1 Bd5 0-1

[Event "4NCL 3 South pool A"]
[Site "Telford, ENG ENG"]
[Date "2015.11.14"]
[Round "1.56"]
[White "Edgell, Ben P"]
[Black "Brown, Thomas"]
[Result "1-0"]
[WhiteElo "2124"]
[BlackElo "2056"]
[PlyCount "47"]
[EventDate "2015.11.14"]

1. d4 Nf6 2. Nf3 g6 3. c4 Bg7 4. Nc3 O-O 5. e4 d6 6. Be2 Bg4 7. O-O Nfd7 8. d5
c6 9. Be3 cxd5 10. cxd5 Bxf3 11. Bxf3 Na6 12. Rc1 Qa5 13. Qd2 Ne5 14. Be2 Rfc8
15. b3 Nf3+ 16. Bxf3 Bxc3 17. Qe2 Nb4 18. a4 a6 19. Bg4 Rc7 20. f4 b5 21. f5
bxa4 22. fxg6 hxg6 23. Qf2 e5 24. dxe6 1-0

[Event "4NCL 3 South pool A"]
[Site "Telford, ENG ENG"]
[Date "2015.11.14"]
[Round "1.57"]
[White "Kirby, Peter J"]
[Black "Stewart, Joseph J"]
[Result "1-0"]
[WhiteElo "1995"]
[BlackElo "2189"]
[PlyCount "82"]
[EventDate "2015.11.14"]

1. c4 g6 2. g3 Bg7 3. Bg2 Nc6 4. Nc3 e5 5. e4 Nge7 6. Nge2 d6 7. O-O Be6 8. d3
Qd7 9. Nd5 h6 10. Be3 O-O 11. Bxh6 f6 12. Be3 Kf7 13. f4 Rh8 14. Rf2 Ng8 15. f5
gxf5 16. exf5 Bxf5 17. Nxc7 Rf8 18. Nd5 Bh3 19. Bxh3 Qxh3 20. Qf1 Qh5 21. Nec3
Ke6 22. Qe2 Qg6 23. Bxa7 Kd7 24. Bb6 Nh6 25. Re1 f5 26. Rg2 Ng4 27. Ne3 Nh6 28.
Ncd5 Nf7 29. b4 Ng5 30. b5 Nd8 31. Bxd8 Kxd8 32. Rf1 e4 33. Qd2 Nf3+ 34. Rxf3
exf3 35. Qa5+ Ke8 36. Qa8+ Kf7 37. Qxb7+ Kg8 38. Ne7+ Kh7 39. Nxg6 Kxg6 40.
Qxf3 Bd4 41. Re2 f4 1-0

[Event "4NCL 3 South pool A"]
[Site "Telford, ENG ENG"]
[Date "2015.11.14"]
[Round "1.58"]
[White "Bullen, Alex"]
[Black "Van Kemenade, Rudy"]
[Result "0-1"]
[WhiteElo "2040"]
[BlackElo "1942"]
[PlyCount "62"]
[EventDate "2015.11.14"]

1. d4 Nf6 2. c4 e5 3. dxe5 Ng4 4. a3 a5 5. Nf3 Bc5 6. e3 Nc6 7. Nc3 O-O 8. Be2
Re8 9. O-O Ncxe5 10. Nxe5 Nxe5 11. Ne4 Bf8 12. f4 Ng4 13. Bxg4 Rxe4 14. Bf5 Re8
15. Qc2 g6 16. Bd3 Bc5 17. f5 Ra6 18. Rf3 g5 19. Kh1 Rh6 20. e4 f6 21. Be3 Bxe3
22. Rxe3 d6 23. Rae1 b6 24. Qc3 Re5 25. Bc2 Qe7 26. b4 axb4 27. axb4 Bb7 28.
Qa3 c5 29. Qa7 Qc7 30. bxc5 Rxc5 31. Rg3 Ra5 0-1

[Event "4NCL 3 South pool A"]
[Site "Telford, ENG ENG"]
[Date "2015.11.14"]
[Round "1.59"]
[White "Hatchett, Paul"]
[Black "Spencer, Douglas"]
[Result "1/2-1/2"]
[WhiteElo "1982"]
[BlackElo "2016"]
[PlyCount "49"]
[EventDate "2015.11.14"]

1. e4 g6 2. d4 Bg7 3. c4 d6 4. Nc3 Nf6 5. Be2 O-O 6. Bg5 h6 7. Be3 e5 8. d5 a5
9. Qd2 Kh7 10. f3 Na6 11. g4 Ne8 12. h4 b6 13. O-O-O Nc5 14. Nh3 Bd7 15. Rdg1
c6 16. Nf2 cxd5 17. Nxd5 Rc8 18. Kb1 Bc6 19. Nd1 Bxd5 20. exd5 Qd7 21. Nc3 Rb8
22. h5 g5 23. Bd1 Bf6 24. Bc2+ Kg7 25. Nd1 1/2-1/2

[Event "4NCL 3 South pool A"]
[Site "Telford, ENG ENG"]
[Date "2015.11.14"]
[Round "1.60"]
[White "Richardt, Mike"]
[Black "Doklestic, Igor"]
[Result "1-0"]
[WhiteElo "2038"]
[BlackElo "1952"]
[PlyCount "66"]
[EventDate "2015.11.14"]

1. d4 d5 2. Nf3 Nf6 3. c4 c6 4. e3 Bf5 5. Nc3 dxc4 6. Bxc4 e6 7. O-O Nbd7 8.
Qe2 Ne4 9. Nd2 Ndf6 10. f3 Nxd2 11. Bxd2 Be7 12. Rac1 O-O 13. Rfd1 Bg6 14. Be1
b5 15. Bb3 Qb6 16. Bf2 a6 17. e4 c5 18. e5 Nd7 19. d5 Bg5 20. Ra1 Rad8 21. dxe6
fxe6 22. Rd6 Qb7 23. Bxe6+ Kh8 24. Rad1 Be8 25. Qe4 Qc8 26. Qg4 Bf4 27. Bxd7
Bxd7 28. Rxd7 Bxe5 29. Rxd8 Rxd8 30. Qxc8 Rxc8 31. Rd5 Bf6 32. Bxc5 Kg8 33. Bd4
Bg5 1-0

[Event "4NCL 3 South pool A"]
[Site "Telford, ENG ENG"]
[Date "2015.11.14"]
[Round "1.65"]
[White "Jones, Christopher M"]
[Black "Hall, John"]
[Result "1/2-1/2"]
[WhiteElo "2116"]
[BlackElo "2186"]
[PlyCount "58"]
[EventDate "2015.11.14"]

1. e4 c5 2. Nc3 Nc6 3. g3 g6 4. Bg2 Bg7 5. Nge2 d6 6. O-O Nf6 7. d3 O-O 8. h3
Rb8 9. Be3 b5 10. Qd2 b4 11. Nd1 Ne8 12. Bh6 Nd4 13. Bxg7 Nxe2+ 14. Qxe2 Nxg7
15. f4 e5 16. Ne3 f6 17. Rf2 exf4 18. Rxf4 Ne6 19. Rf2 Nd4 20. Qd2 Be6 21. Raf1
Nc6 22. Kh2 Kg7 23. Bf3 Ne5 24. Bg4 Nxg4+ 25. Nxg4 Bxg4 26. hxg4 Qe7 27. Kg2
Qe5 28. Rh1 Qg5 29. Qf4 Rbd8 1/2-1/2

[Event "4NCL 3 South pool A"]
[Site "Telford, ENG ENG"]
[Date "2015.11.14"]
[Round "1.66"]
[White "Mossong, Hubert"]
[Black "Piper, Stephen J"]
[Result "1/2-1/2"]
[WhiteElo "2051"]
[BlackElo "2031"]
[PlyCount "101"]
[EventDate "2015.11.14"]

1. e4 g6 2. Nc3 Bg7 3. g3 c5 4. Bg2 Nc6 5. d3 e6 6. Be3 d6 7. Qd2 h5 8. h3 Nge7
9. Nge2 Nd4 10. O-O Bd7 11. Nc1 Qc7 12. Nd1 e5 13. f4 f5 14. c3 Ndc6 15. h4 O-O
16. Ne2 Be6 17. Nf2 Rad8 18. d4 exd4 19. cxd4 Bc4 20. d5 Bxe2 21. Qxe2 Nd4 22.
Bxd4 Bxd4 23. Kh2 Rde8 24. Qc2 fxe4 25. Bxe4 Nf5 26. Bxf5 Rxf5 27. Ne4 Qd7 28.
Rae1 Kg7 29. Ng5 Bf6 30. Ne6+ Kh6 31. Qg2 Qa4 32. b3 Qb4 33. Re2 Re7 34. Rd1
Rf7 35. Qf3 a6 36. Kh3 Kh7 37. Re4 Qa5 38. Qe2 Kh6 39. Rd3 b5 40. Rd1 Qc3 41.
Qd2 Qf3 42. Qe2 Qxe2 43. Rxe2 c4 44. Kg2 a5 45. Kf3 c3 46. Ke4 Ra7 47. a3 Ra8
48. Rc2 Rc8 49. Nd4 Re8+ 50. Ne6 Rc8 51. Nd4 1/2-1/2

[Event "4NCL 3 South pool A"]
[Site "Telford, ENG ENG"]
[Date "2015.11.14"]
[Round "1.67"]
[White "Compton, Alistair"]
[Black "Deighton, Simon"]
[Result "0-1"]
[WhiteElo "2081"]
[BlackElo "2020"]
[PlyCount "36"]
[EventDate "2015.11.14"]

1. e4 c5 2. c3 d5 3. exd5 Qxd5 4. d4 Nc6 5. Nf3 Bg4 6. Nbd2 cxd4 7. Bc4 Bxf3 8.
Qb3 Qe5+ 9. Kf1 Bg4 10. Bxf7+ Kd8 11. Bxg8 e6 12. Qxb7 Rc8 13. Qf7 Be7 14. Bxh7
Rf8 15. Qxf8+ Bxf8 16. Ne4 Bf5 17. Ng5 Ke8 18. Bg8 Bd3+ 0-1

[Event "4NCL 3 South pool A"]
[Site "Telford, ENG ENG"]
[Date "2015.11.14"]
[Round "1.68"]
[White "Wojciechowski, Paul"]
[Black "Jaszkiwskyj, Peter"]
[Result "1/2-1/2"]
[WhiteElo "2011"]
[BlackElo "1980"]
[PlyCount "124"]
[EventDate "2015.11.14"]

1. e4 e6 2. d4 d5 3. Nd2 Nf6 4. e5 Nfd7 5. Bd3 c5 6. c3 Nc6 7. Ne2 cxd4 8. cxd4
f6 9. exf6 Nxf6 10. Nf3 Bd6 11. O-O Qc7 12. Bg5 O-O 13. Bh4 Nh5 14. Bg3 Nxg3
15. fxg3 g6 16. Kh1 Qg7 17. Qd2 Bd7 18. a3 Rf7 19. Ng5 Rf6 20. Rxf6 Qxf6 21.
Nf3 Rf8 22. Rd1 a6 23. Qg5 b5 24. b4 Kg7 25. Qxf6+ Kxf6 26. Nf4 Rc8 27. Rc1 Bb8
28. Ne2 e5 29. dxe5+ Nxe5 30. Rxc8 Bxc8 31. Nxe5 Bxe5 32. Nf4 Bb7 33. Bc2 Bc6
34. Nd3 Bd4 35. g4 Bb6 36. g3 d4+ 37. Kg1 Bf3 38. h3 g5 39. Kf2 Be4 40. Ke2 Bc7
41. Nf4 Ke5 42. Bxe4 Kxe4 43. Ne6 d3+ 44. Kd2 Bxg3 45. Nxg5+ Kd4 46. Ne6+ Kc4
47. Nc5 Bf4+ 48. Kd1 a5 49. Na6 axb4 50. axb4 Be3 51. Nc7 Bg5 52. Na6 Kc3 53.
Nc5 Be7 54. g5 Kc4 55. h4 Bd6 56. h5 Be5 57. g6 hxg6 58. hxg6 Bc3 59. Ne4 Bg7
60. Nc5 Bh6 61. Na6 Kc3 62. Nc5 Kc4 1/2-1/2

[Event "4NCL 3 South pool A"]
[Site "Telford, ENG ENG"]
[Date "2015.11.14"]
[Round "1.69"]
[White "Gibson, Christopher A"]
[Black "Birkin, Mark H"]
[Result "1-0"]
[WhiteElo "1926"]
[BlackElo "2050"]
[PlyCount "67"]
[EventDate "2015.11.14"]

1. e4 e6 2. d4 d5 3. e5 c5 4. c3 Nc6 5. Nf3 Bd7 6. Be2 f6 7. O-O fxe5 8. Nxe5
Nxe5 9. dxe5 Qc7 10. c4 d4 11. Bf3 Ne7 12. Re1 Ng6 13. Bh5 O-O-O 14. Bxg6 hxg6
15. Qg4 Kb8 16. Nd2 Bc6 17. Nf3 d3 18. Be3 Be7 19. Rad1 Rhf8 20. Ng5 Bxg5 21.
Bxg5 Rd4 22. Qg3 Qa5 23. Be7 Rff4 24. Qxg6 Rg4 25. Qxe6 Rxg2+ 26. Kf1 Rxh2 27.
Bd6+ Rxd6 28. Qxd6+ Kc8 29. Qxd3 Qc7 30. Qf5+ Bd7 31. Qf8+ Qd8 32. Qxd8+ Kxd8
33. e6 Rh1+ 34. Ke2 1-0

[Event "4NCL 3 South pool A"]
[Site "Telford, ENG ENG"]
[Date "2015.11.14"]
[Round "1.70"]
[White "Bourne, Iain"]
[Black "Ressel, Eva"]
[Result "1/2-1/2"]
[WhiteElo "1997"]
[BlackElo "1600"]
[PlyCount "86"]
[EventDate "2015.11.14"]

1. d4 Nf6 2. c4 e6 3. Nc3 Bb4 4. f3 c5 5. d5 Bxc3+ 6. bxc3 d6 7. e4 O-O 8. Bg5
e5 9. Bd3 Re8 10. Ne2 Nbd7 11. g4 Nf8 12. Ng3 h6 13. Be3 N6h7 14. h4 Ng6 15. h5
Nf4 16. Bxf4 exf4 17. Ne2 Qg5 18. Qd2 f5 19. exf5 Re3 20. Kf2 Bd7 21. Nxf4 Rxd3
22. Qxd3 Qxf4 23. Rae1 Re8 24. Rxe8+ Bxe8 25. Qe2 Nf6 26. Kg2 Bd7 27. Re1 Kh7
28. Qd3 Qg5 29. Kf2 Qf4 30. Ke2 Qh2+ 31. Kd1 Ba4+ 32. Kc1 Qxa2 33. Re2 Qa3+ 34.
Kd2 Qb2+ 35. Ke1 Qc1+ 36. Kf2 Qh1 37. Re6 Qh2+ 38. Kf1 Bc2 39. Qe3 Qh1+ 40. Kf2
Qh2+ 41. Kf1 Qh1+ 42. Kf2 Qh2+ 43. Kf1 Qh1+ 1/2-1/2

[Event "4NCL 3 South pool A"]
[Site "Telford, ENG ENG"]
[Date "2015.11.14"]
[Round "1.75"]
[White "Scott, Gordon W"]
[Black "Ferrington, Nigel M"]
[Result "1/2-1/2"]
[WhiteElo "2164"]
[BlackElo "2290"]
[PlyCount "108"]
[EventDate "2015.11.14"]

1. d4 d5 2. c4 e6 3. Nf3 c5 4. cxd5 exd5 5. Nc3 Nc6 6. g3 Nf6 7. Bg2 Be7 8. O-O
O-O 9. Bg5 c4 10. Ne5 Be6 11. e3 h6 12. Bxf6 Bxf6 13. f4 Ne7 14. Qe2 Rb8 15.
Rad1 b5 16. f5 Bc8 17. Nxd5 Nxd5 18. Nc6 Qd6 19. Nxb8 Ne7 20. d5 Qxb8 21. d6
Nxf5 22. d7 Qe5 23. dxc8=Q Rxc8 24. Bh3 g6 25. Qf3 Re8 26. Bxf5 gxf5 27. Rd5
Qxe3+ 28. Qxe3 Rxe3 29. Rxb5 Re2 30. Rc1 Bxb2 31. Rxc4 Ba3 32. Ra5 Rxa2 33. Kf1
Ra1+ 34. Kg2 Bb2 35. Rxa1 Bxa1 36. Ra4 Bf6 37. Rxa7 Kg7 38. Kf3 Be5 39. Ra6 f6
40. Ke3 Kg6 41. Ra8 h5 42. Rh8 Bd6 43. Rc8 Be5 44. Rc4 Kg5 45. Ra4 Kg6 46. Ra2
Kg5 47. Kf3 Kg6 48. Rf2 Kg5 49. h4+ Kg6 50. Kg2 Bd6 51. Rf3 Bc7 52. Kf2 Bd6 53.
Ke3 Bc5+ 54. Kd3 Bd6 1/2-1/2

[Event "4NCL 3 South pool A"]
[Site "Telford, ENG ENG"]
[Date "2015.11.14"]
[Round "1.76"]
[White "Rutter, Nick J"]
[Black "Gregory, Stephen J"]
[Result "1-0"]
[WhiteElo "2215"]
[BlackElo "2125"]
[PlyCount "195"]
[EventDate "2015.11.14"]

1. e4 d6 2. d4 Nf6 3. Nc3 g6 4. f4 Bg7 5. Nf3 c5 6. dxc5 Qa5 7. Qd3 Qxc5 8. Be3
Qc7 9. Bd4 O-O 10. e5 dxe5 11. Bxe5 Qc5 12. Bd4 Qf5 13. Qxf5 Bxf5 14. O-O-O Nc6
15. Bc5 b6 16. Nd4 Rfc8 17. Nxf5 gxf5 18. Ba3 Ng4 19. Rd2 Bd4 20. Nd1 a6 21. h3
Nf6 22. c3 Ne4 23. cxd4 Nxd4+ 24. Nc3 Nxd2 25. Kxd2 e6 26. Bd3 Ra7 27. Ke3 Nc6
28. Ne2 b5 29. b3 Rd7 30. g4 Rcd8 31. Bb1 Rd1 32. Rxd1 Rxd1 33. Bd3 Rh1 34.
gxf5 Rxh3+ 35. Kd2 b4 36. Bb2 a5 37. fxe6 fxe6 38. Bc4 Kf7 39. f5 Rh2 40. fxe6+
Ke7 41. Ke3 Nd8 42. Be5 Rh1 43. Nd4 Rh3+ 44. Ke4 Rh4+ 45. Bf4 Kf6 46. Nf3 Rg4
47. Ne5 Rg7 48. Nd7+ Ke7 49. Kf5 Nxe6 50. Bxe6 Rg2 51. Nf6 Rxa2 52. Nxh7 a4 53.
bxa4 Rxa4 54. Nf6 Kd8 55. Nd5 b3 56. Bg5+ Ke8 57. Bd7+ Kxd7 58. Nb6+ Kc6 59.
Nxa4 Kb5 60. Nb2 Kb4 61. Ke4 Kc3 62. Bf6+ Kb4 63. Kd5 Kb5 64. Nd3 Kb6 65. Bb2
Kb5 66. Nc5 Kb4 67. Kd4 Kb5 68. Nxb3 Kc6 69. Nc5 Kd6 70. Ne4+ Ke6 71. Bc1 Kf5
72. Nf2 Ke6 73. Bf4 Kf5 74. Bg3 Ke6 75. Kc5 Kf5 76. Kd5 Kf6 77. Kd6 Kf5 78. Be5
Kg6 79. Ke6 Kg5 80. Bg3 Kg6 81. Bh4 Kh5 82. Be7 Kg6 83. Ng4 Kh5 84. Ne5 Kh6 85.
Kf5 Kg7 86. Bg5 Kf8 87. Bf6 Ke8 88. Ke6 Kf8 89. Nf7 Ke8 90. Nd6+ Kf8 91. Be5
Kg8 92. Kf6 Kh7 93. Nf5 Kg8 94. Bd6 Kh7 95. Kf7 Kh8 96. Kg6 Kg8 97. Nh6+ Kh8
98. Be5# 1-0

[Event "4NCL 3 South pool A"]
[Site "Telford, ENG ENG"]
[Date "2015.11.14"]
[Round "1.77"]
[White "Moore, Graham J"]
[Black "Whyte, Brian G"]
[Result "1-0"]
[WhiteElo "2200"]
[BlackElo "2155"]
[PlyCount "125"]
[EventDate "2015.11.14"]

1. e4 d6 2. d4 Nf6 3. Nc3 e5 4. Nf3 Nbd7 5. Bc4 Be7 6. a4 exd4 7. Qxd4 Nb6 8.
Ba2 a5 9. O-O O-O 10. h3 Nfd7 11. Be3 Nc5 12. Rfd1 Be6 13. Bxe6 fxe6 14. b3
Nbd7 15. Qd2 c6 16. Re1 Qe8 17. Nh2 Qg6 18. f3 d5 19. Rad1 Rad8 20. exd5 exd5
21. Kh1 Kh8 22. Ne2 Bd6 23. Nf4 Qf5 24. Nd3 Nxd3 25. Qxd3 Qxd3 26. Rxd3 Rde8
27. Nf1 Bc5 28. Rdd1 Kg8 29. Kg1 Bxe3+ 30. Rxe3 Kf7 31. Kf2 Re6 32. Rxe6 Kxe6
33. Ne3 Nc5 34. Ke2 Re8 35. Kd2 Rd8 36. Re1 Kf6 37. Ng4+ Kf7 38. Kc3 Re8 39.
Ne5+ Kf8 40. h4 Re7 41. f4 Ke8 42. Kd4 Ne6+ 43. Ke3 Nc5 44. g4 Nd7 45. Kd4 Nf6
46. Re3 c5+ 47. Kxc5 Rc7+ 48. Kd6 Rxc2 49. g5 d4 50. Re1 Nh5 51. f5 Rc3 52. Re4
Ng3 53. Rf4 d3 54. f6 gxf6 55. gxf6 Rc6+ 56. Kd5 Rxf6 57. Nxd3 Rf5+ 58. Kc4 h5
59. Rd4 Ke7 60. Nc5 Nf1 61. Nxb7 Ne3+ 62. Kd3 Nd5 63. Ke4 1-0

[Event "4NCL 3 South pool A"]
[Site "Telford, ENG ENG"]
[Date "2015.11.14"]
[Round "1.78"]
[White "Hopkins, Jamie R"]
[Black "Moore, Geoffrey R"]
[Result "1/2-1/2"]
[WhiteElo "2080"]
[BlackElo "2012"]
[PlyCount "115"]
[EventDate "2015.11.14"]

1. c4 Nf6 2. g3 g6 3. Bg2 Bg7 4. Nc3 O-O 5. Nf3 d6 6. O-O Nc6 7. d4 a6 8. b3
Rb8 9. d5 Na5 10. Nd4 Bd7 11. Qd3 c5 12. dxc6 bxc6 13. e4 c5 14. Nc2 Ng4 15.
Bd2 Nc6 16. Rac1 Kh8 17. h3 Nge5 18. Qe3 Nd4 19. Ne2 Nec6 20. f4 f5 21. Ncxd4
cxd4 22. Qd3 e5 23. Kh2 Qe7 24. Ng1 a5 25. Rce1 Qd8 26. Re2 Qc7 27. Rc1 Nb4 28.
Bxb4 axb4 29. Rf2 Qc5 30. Ne2 Ra8 31. Rc2 Rab8 32. Nc1 Qc8 33. Qf1 fxe4 34.
Bxe4 Bf5 35. Qg2 Bxe4 36. Qxe4 Qf5 37. Rce2 Rbc8 38. Nd3 d5 39. cxd5 Qxe4 40.
Rxe4 Rc3 41. Nxb4 exf4 42. gxf4 Re3 43. Rxe3 dxe3 44. Re2 Rxf4 45. Rxe3 Bh6 46.
Re8+ Kg7 47. Nc6 Rf2+ 48. Kg3 Rxa2 49. Re7+ Kf8 50. d6 Bg5 51. Rxh7 Rd2 52. b4
Rxd6 53. b5 Be3 54. Rb7 Rd3 55. Kg4 Rb3 56. Nd8 Rb4+ 57. Kf3 Rb3 58. Kg4
1/2-1/2

[Event "4NCL 3 South pool A"]
[Site "Telford, ENG ENG"]
[Date "2015.11.14"]
[Round "1.79"]
[White "Gallagher, Daniel GH"]
[Black "Gostelow, David W"]
[Result "1-0"]
[WhiteElo "2035"]
[BlackElo "2072"]
[PlyCount "35"]
[EventDate "2015.11.14"]

1. d4 d5 2. c4 c6 3. Nc3 e6 4. e4 dxe4 5. Nxe4 Nf6 6. Nxf6+ Qxf6 7. Nf3 Bb4+ 8.
Bd2 Bxd2+ 9. Qxd2 O-O 10. Bd3 Nd7 11. O-O e5 12. dxe5 Nxe5 13. Nxe5 Qxe5 14.
Rfe1 Qf6 15. Qb4 b6 16. Bxh7+ Kxh7 17. Qxf8 Bb7 18. Qe7 1-0

[Event "4NCL 3 South pool A"]
[Site "Telford, ENG ENG"]
[Date "2015.11.14"]
[Round "1.80"]
[White "Bryant, Richard B E"]
[Black "Cocks, Elliot"]
[Result "1-0"]
[WhiteElo "2035"]
[BlackElo "1877"]
[PlyCount "51"]
[EventDate "2015.11.14"]

1. e4 c5 2. Nc3 Nc6 3. f4 e6 4. Nf3 Nge7 5. Bb5 a6 6. Bxc6 Nxc6 7. O-O Be7 8.
d3 O-O 9. Qe1 d5 10. a3 b5 11. exd5 exd5 12. Ne2 Re8 13. Qf2 Bb7 14. d4 Qb6 15.
c3 c4 16. f5 Na5 17. Bf4 Nb3 18. Rae1 Bc8 19. Ng3 g6 20. Re3 Bd7 21. Ne5 Qb7
22. Bh6 Bf8 23. fxg6 fxg6 24. Qf7+ Kh8 25. Bxf8 Rxf8 26. Qxd7 1-0

[Event "4NCL 3 South pool A"]
[Site "Telford, ENG ENG"]
[Date "2015.11.14"]
[Round "1.85"]
[White "Dickinson, Tim R"]
[Black "Grinsell, Lee A"]
[Result "1/2-1/2"]
[WhiteElo "2116"]
[BlackElo "2095"]
[PlyCount "25"]
[EventDate "2015.11.14"]

1. d4 d5 2. Nf3 Nf6 3. c4 e6 4. Nc3 c6 5. Bg5 Nbd7 6. e3 Be7 7. Bd3 O-O 8. O-O
Re8 9. Rc1 Nf8 10. Ne5 N6d7 11. Bxe7 Qxe7 12. Nxd7 Bxd7 13. cxd5 1/2-1/2

[Event "4NCL 3 South pool A"]
[Site "Telford, ENG ENG"]
[Date "2015.11.14"]
[Round "1.86"]
[White "Manelidou, Maria"]
[Black "Truran, Michael C"]
[Result "1-0"]
[WhiteElo "2081"]
[BlackElo "2147"]
[PlyCount "93"]
[EventDate "2015.11.14"]

1. e4 c5 2. d4 cxd4 3. c3 Nf6 4. e5 Nd5 5. Bc4 Qc7 6. Qe2 Nb6 7. Bb3 Nc6 8. Nf3
d5 9. exd6 Qxd6 10. O-O d3 11. Qe4 Qg6 12. Qxg6 hxg6 13. Ng5 Nd8 14. a4 f6 15.
a5 Nd7 16. Nf3 e5 17. Bc4 e4 18. Re1 f5 19. Bf4 Nc5 20. Ne5 g5 21. Bxg5 Nde6
22. Be3 Bd6 23. f4 Bxe5 24. fxe5 Bd7 25. b4 Na6 26. Bd5 Nd8 27. Nd2 Be6 28.
Bxe6 Nxe6 29. Nc4 f4 30. Nd6+ Ke7 31. Bc1 e3 32. Bxe3 fxe3 33. Rxe3 Nf4 34. g3
Nh3+ 35. Kg2 Raf8 36. Ra2 Ke6 37. Rxd3 b6 38. axb6 axb6 39. Nc4 Nc7 40. Nxb6 g5
41. Nd7 Rd8 42. Rad2 g4 43. Nc5+ Ke7 44. Rd7+ Rxd7 45. Rxd7+ Ke8 46. Rxc7 Rh5
47. Nd3 1-0

[Event "4NCL 3 South pool A"]
[Site "Telford, ENG ENG"]
[Date "2015.11.14"]
[Round "1.87"]
[White "Scott, David A"]
[Black "Serbanescu, Diana-Maria"]
[Result "1-0"]
[WhiteElo "2055"]
[BlackElo "2053"]
[PlyCount "77"]
[EventDate "2015.11.14"]

1. Nf3 Nf6 2. c4 g6 3. g3 Bg7 4. Bg2 d6 5. d4 Nbd7 6. Nc3 O-O 7. O-O c5 8. e4
Rb8 9. Re1 cxd4 10. Nxd4 Ne5 11. b3 Bd7 12. Bb2 Qc8 13. Qd2 Bh3 14. Bh1 Nfg4
15. Nd5 Qd7 16. Nf4 Nf6 17. Nxh3 Qxh3 18. Bg2 Qh5 19. f4 Ned7 20. Nf3 Rfd8 21.
Rad1 Nc5 22. Ng5 h6 23. Bf3 Ng4 24. h3 hxg5 25. Bxg4 Qh8 26. Bxg7 Qxg7 27. fxg5
Qe5 28. Qf4 Qc3 29. Re3 Qg7 30. e5 dxe5 31. Rxd8+ Rxd8 32. Qxe5 Qxe5 33. Rxe5
Nd3 34. Rxe7 Nc1 35. Rxb7 Nxa2 36. Rxa7 Nc1 37. b4 Nd3 38. b5 Ne5 39. Rc7 1-0

[Event "4NCL 3 South pool A"]
[Site "Telford, ENG ENG"]
[Date "2015.11.14"]
[Round "1.88"]
[White "Munshi, Aditya"]
[Black "Brackmann, Hendrik"]
[Result "0-1"]
[WhiteElo "1937"]
[BlackElo "2029"]
[PlyCount "90"]
[EventDate "2015.11.14"]

1. e4 c5 2. Nf3 Nc6 3. d4 cxd4 4. Nxd4 e5 5. Nb5 d6 6. N1c3 a6 7. Na3 Be7 8.
Nd5 Nf6 9. Nxf6+ Bxf6 10. Nc4 O-O 11. Be3 Nd4 12. c3 b5 13. cxd4 exd4 14. Bxd4
bxc4 15. Bxf6 Qxf6 16. Bxc4 Rb8 17. O-O Rxb2 18. Qd3 Bg4 19. Bxa6 Be2 20. Qxe2
Rxe2 21. Bxe2 Rc8 22. a4 Rc2 23. Bf3 Qd4 24. Ra3 Qc5 25. Raa1 Qa5 26. Rfb1 Kf8
27. Rb5 Qxa4 28. Rb8+ Ke7 29. Rab1 Qd4 30. R8b7+ Kf6 31. e5+ Qxe5 32. g3 Qc5
33. Rf1 d5 34. Rd7 d4 35. Bd5 d3 36. Rxf7+ Kg6 37. Bb3 Rb2 38. Be6 Re2 39. Bb3
Qb5 40. Rb1 Qc5 41. Ra1 Qb5 42. Rb1 Qc6 43. Rf4 d2 44. Bf7+ Kh6 45. f3 Qc1+ 0-1

[Event "4NCL 3 South pool A"]
[Site "Telford, ENG ENG"]
[Date "2015.11.14"]
[Round "1.89"]
[White "Neatherway, A Philip"]
[Black "Holton, Jake"]
[Result "0-1"]
[WhiteElo "1860"]
[BlackElo "1702"]
[PlyCount "108"]
[EventDate "2015.11.14"]

1. e4 e6 2. d4 d5 3. Nd2 Nf6 4. e5 Nfd7 5. Bd3 c5 6. c3 b6 7. Ne2 Ba6 8. Nf3
Bxd3 9. Qxd3 Nc6 10. O-O cxd4 11. cxd4 Be7 12. Bd2 O-O 13. Rac1 Rc8 14. Nf4 Re8
15. Qb5 Ncb8 16. Nd3 a6 17. Qb3 b5 18. a4 Qb6 19. a5 Qa7 20. Bb4 Bxb4 21. Nxb4
Rc4 22. Rxc4 dxc4 23. Qc3 Qc7 24. Nd3 Nc6 25. Nf4 Ra8 26. Ra1 Ne7 27. Ng5 Nd5
28. Nxd5 exd5 29. Qf3 Nf8 30. Qxd5 Rd8 31. Qe4 h6 32. Nf3 Ne6 33. h4 Qd7 34.
Rd1 Nc5 35. Qe3 Nb3 36. d5 Qb7 37. d6 Nxa5 38. Nd4 Nc6 39. Nxc6 Qxc6 40. e6
fxe6 41. Qxe6+ Kh8 42. Qe7 Qd7 43. Qe5 a5 44. Rd4 a4 45. g4 Re8 46. Qd5 Re6 47.
h5 Re1+ 48. Kh2 Re2 49. Rf4 Re8 50. Kg3 Rd8 51. Rd4 a3 52. bxa3 c3 53. Qb3 Qc6
54. Rd3 c2 0-1

[Event "4NCL 3 South pool A"]
[Site "Telford, ENG ENG"]
[Date "2015.11.14"]
[Round "1.90"]
[White "Guha, Chirag"]
[Black "Terry, Sean"]
[Result "1-0"]
[WhiteElo "1650"]
[BlackElo "1910"]
[PlyCount "49"]
[EventDate "2015.11.14"]

1. d4 Nf6 2. Nf3 c5 3. c4 cxd4 4. Nxd4 Nc6 5. Nc3 Qb6 6. Nb3 e6 7. e3 Be7 8.
Be2 a6 9. O-O O-O 10. c5 Qc7 11. e4 d6 12. cxd6 Bxd6 13. f4 e5 14. f5 b5 15.
Be3 Rd8 16. Qe1 Nd4 17. Rc1 Qb7 18. Bg5 Qa7 19. Kh1 Be7 20. Bxf6 Bxf6 21. Nd5
Bg5 22. Rc3 Bxf5 23. Rc7 Qb8 24. Nxd4 Bg6 25. Nc6 1-0